000 00523nam a2200181Ia 4500
005 20250508152853.0
008 008 250505s9999 xx 000 0 eng d
037 _aTextual
040 _aFEDL
_beng
_cFEDL
041 _aeng
_2eng
084 _a745.5, ROB
_qFEDL
100 _aRobertson Seonaid Mairi
_9762617
245 0 _aCraft and contemporary culture
260 _aLondon, UK
_bGeorge G Harrap and Company Limited
_c1961
300 _a158p.
942 _cTEXL
_h745.5, ROB
999 _c1339311
_d1339311